Preparation and practice (Academic module)

Zapisane w:
Opis bibliograficzny
1. autor: Wendy Sahanaya
Format: Książka
Język:Undetermined
Wydane: Đà Nẵng Đà Nẵng 2003
Hasła przedmiotowe:
Etykiety: Dodaj etykietę
Nie ma etykietki, Dołącz pierwszą etykiete!
Thư viện lưu trữ: Trung tâm Học liệu Trường Đại học Cần Thơ
LEADER 00594nam a2200205Ia 4500
001 CTU_60041
008 210402s9999 xx 000 0 und d
020 |b 16000 
082 |a 808.06 
082 |b S131 
100 |a Wendy Sahanaya 
245 0 |a Preparation and practice (Academic module) 
245 0 |c Wendy Sahanaya, Jeremy Lindeck and Richard Stewart; First News biên dịch 
260 |a Đà Nẵng 
260 |b Đà Nẵng 
260 |c 2003 
650 |a english language 
650 |x writing 
904 |i Minh 
980 |a Trung tâm Học liệu Trường Đại học Cần Thơ